Der Schlüssel zur Musik von heute.

Saved in:
Bibliographic Details
Main Author: Borris, Siegfried, 1906-1987.
Format: Book
Language:German
Published: Düsseldorf, Wien, Econ-Verlag [1967]
Edition:[1. Aufl.]
Subjects:
Tags: Add Tag
No Tags, Be the first to tag this record!
LEADER 00709nam a2200253I 4500
001 005749655-2
005 20060817154324.0
008 790720s1967 gw a 000 0 ger
010 |a  68085183 /MN 
015 |a GDB67-A50-325 
035 0 |a ocm05191426 
040 |a DLC  |c FDA  |d HMU 
045 |a x0x6 
050 |a ML197  |b .B668 
082 |a 780/.9/04 
100 1 |a Borris, Siegfried,  |d 1906-1987. 
245 1 4 |a Der Schlüssel zur Musik von heute. 
250 |a [1. Aufl.] 
260 |a Düsseldorf,  |a Wien,  |b Econ-Verlag  |c [1967] 
300 |a 288 p. with illus.  |c 23 cm. 
650 0 |a Music  |y 20th century  |x History and criticism. 
650 0 |a Music  |x Philosophy and aesthetics. 
988 |a 20020608 
906 |0 DLC